Business Law (Record no. 7200)
[ view plain ]
| 000 -LEADER | |
|---|---|
| fixed length control field | 00385 a2200145 4500 |
| 082 ## - DEWEY DECIMAL CLASSIFICATION NUMBER | |
| Classification number | 346.73 |
| 090 ## - LOCALLY ASSIGNED LC-TYPE CALL NUMBER (OCLC); LOCAL CALL NUMBER (RLIN) | |
| -- | 3286 |
| -- | 3286 |
| 100 ## - MAIN ENTRY--PERSONAL NAME | |
| Personal name | Khalid Mehmood Cheema |
| 245 ## - TITLE STATEMENT | |
| Title | Business Law |
| Medium | Khalid Mehmood Cheema |
| 260 ## - PUBLICATION, DISTRIBUTION, ETC. | |
| Place of publication, distribution, etc. | Lahore: |
| Name of publisher, distributor, etc. | Syed Mobin Mahmud & Co., |
| Date of publication, distribution, etc. | 2001. |
| 300 ## - PHYSICAL DESCRIPTION | |
| Extent | 394 p. : |
| Other physical details | ill. |
| Dimensions | 25 cm. |
| 500 ## - GENERAL NOTE | |
| General note | Includes Index |
| 650 ## - SUBJECT ADDED ENTRY--TOPICAL TERM | |
| Topical term or geographic name entry element | Commercial law. |
| 942 ## - ADDED ENTRY ELEMENTS (KOHA) | |
| Koha item type | Book |
| Call number prefix | 346.73 KHA |
| Withdrawn status | Lost status | Damaged status | Not for loan | Collection code | Permanent Location | Current Location | Shelving location | Date acquired | Source of acquisition | Cost, normal purchase price | Total Checkouts | Total Renewals | Full call number | Barcode | Checked out | Date last seen | Date last checked out | Price effective from | Koha item type |
|---|---|---|---|---|---|---|---|---|---|---|---|---|---|---|---|---|---|---|---|
| NUST Law School (NLS) | NUST Law School (NLS) | General Stacks | 06/15/2009 | Donation | 0.00 | 7 | 2 | 346.73 KHA | SEECS009548 | 11/25/2021 | 11/10/2021 | 11/10/2021 | 01/05/2017 | Book |
